Statistiques concernant A quel âge commencent-ont l'école dans les différents pays d'Europe

Cliquez ici pour prendre le quiz!

Statistiques générales

  • Ce quiz a été pris 110 fois
  • Le résultat moyen est 23 sur 38

Statistiques - réponses

AgePays% Correct
3France
99%
6Espagne
93%
6Allemagne
87%
6Italie
82%
6Portugal
80%
6Belgique
78%
4Suisse
74%
6Finlande
72%
6Suède
70%
6Norvège
68%
4Grèce
67%
5Pays-Bas
67%
6Pologne
67%
5
Angleterre / Ecosse
/ Pays de Galle
64%
4Luxembourg
64%
6Irlande
63%
6Danemark
60%
6Croatie
59%
6Roumanie
57%
7Estonie
56%
3Hongrie
56%
5Lettonie
56%
6Lituanie
56%
5Autriche
55%
5Bulgarie
55%
5République Tchèque
53%
5Serbie
53%
6Albanie
52%
6Slovaquie
52%
3-16Andorre
50%
6Slovénie
50%
5Kosovo
48%
6Macédoine du Nord
48%
6Bosnie-Herzégovine
40%
6Saint-Marin
40%
6Monténégro
38%
7Liechtenstein
37%
4Irlande du Nord
8%

Distribution des résultats

Percentile par nombre de réponses

% des personnes avec chaque résultat

Votre développement - résultats

Vous n’avez pas pris ce quiz